000 00645cam a2200217 a 4500
001 000018570
005 20200929165826.0
008 760303s1967 fr 000 d fre d
035 _a(DLC) 67092878
035 _a(OCoLC)2027075
040 _aDO-SdBNP
_bspa
_cOAU
_dOCoLC
_dDLC
_dBNPHU
082 _a842.91
_bC452c
100 1 _aChampion, Jeanne,
_d1914-2001.
_940160
245 1 3 _aLe Cri :
_broman /
_cJeanne Champion.
260 _aParís :
_bJulliard,
_c1967.
300 _a230 p. ;
_c21 cm.
650 4 _aTeatro francés
_95359
650 4 _aLiteratura francesa
_ySIGLO XX
_94232
910 _aCatalogación por derivada / LC
049 _aBNGR
999 _c18090
_d18090